00239nam a2200085Ia 4500008004100000100002800041245003300069260004200102260000900144170620s9999 xx 000 0 und d aRao- Digumarti Bhaskara 0aSchool Teacher Effectiveness bNew Delhi- Discovery Publishing House c2006